000 00303nam a2200133Ia 4500
005 20251222144722.0
008 251222s9999||||xx |||||||||||||| ||spa||
020 _a84-8088-230-X
082 _a658.302/B38
100 _aBell, Chip R.
245 0 _aMentoring:
264 _bGestión 2000
942 _cLIB
999 _c18255
_d18255